000 00406nam a2200181Ia 4500
008 210210b1907 xxu||||| |||| 00| 0 eng d
041 _aeng
082 _a828/166
100 _aCRAIG (W H)
245 _aLife of Lord Chesterfield
260 _aLondon
_bNot Mentioned
_c1907
650 _aof
650 _aLord
650 _aLife
650 _aChesterfield
690 _aBiography
906 _a016011
999 _c135401
_d135401